000 00269pab a2200109 454500
008 180718b xxu||||| |||| 00| 0 eng d
100 _aBose, B.L
245 _aFuture shock - living with electronic pollution
650 _aEnvironment
773 _aStatesman
909 _a24067
999 _c24067
_d24067